000 00696nam a2200289Ia 4500
005 20260324124736.0
008 008 260324s9999 xx 000 0 eng d
020 _a9781315591124
037 _aEBOOK
040 _aCRL
040 _beng
040 _cCRL
041 _2eng
041 _aeng
084 _qCRL
100 _aSue Walsh
_91175326
245 0 _aKipling's Children's Literature
245 0 _bLanguage, Identity, and Constructions of Childhood
260 _bTaylor and Francis
260 _c2010
365 _a
365 _b220
856 _uhttp://www.taylorfrancis.com/books/9781315591124
942 _cEBOOK
999 _c1769972
_d1769972